000 00658nam a2200277Ia 4500
005 20260121124637.0
008 008 260114s9999 xx 000 0 eng d
020 _a9781447368120
037 _aEBOOK
040 _aCRL
040 _beng
040 _cCRL
041 _2eng
041 _aeng
084 _qCRL
100 _aoReilly, Carina
_9979499
245 0 _aNeighbourhood Policing
260 _bWalter de Gruyter
260 _bWalter de Gruyter
260 _c2024
650 _aPolitical Science
_9979500
856 _uhttp://www.degruyter.com/isbn/9781447368120
942 _cEBOOK
999 _c1556131
_d1556131